000 01106nam0a22002651 4500
001 RU\INFOCOMM_327\NLR\5000013196
005 20250625202325.0
035 _a(NLR Aleph) 011020434
090 _a11066615
_c11066615
100 _a20121212d1927 |||y0rusy50 ca
101 1 _apol
_crus
102 _aRU
105 _ay z||||
200 1 _aPod znakiem Sojuszu robotniczo-włościańskiego. [!]
_eElementarz społeczno[-polityczny dla wiejskich szkól wędrownych i dla samokształcenia, zatwierdzony przez APO CK WRP(b)
_gPrzekład z ros. ... pod red. i z uzupełnieniami S. Budzyńskiego
_eZesz. 2-3
_fF. Kozłow i M. Tajszyn
_gpod red. Jem. Jarosławskiego i K. Popowa
210 _aMoskwa
_cCentralne wyd-wo ludów SSSR
_d1927
215 _a2 т.
_cил.
_d20 см
300 _aНа 4-й с. обл.: Ф. Козлов и М. Тайшин. Под знаменем Рабоче-крестьянского союза
620 _aМосква
700 1 _aKozlov
_bF. F.
801 1 _aRU
_bInfoComm
_c20121212
801 0 _aRU
_bNLR
_gPSBO
852 _aNLR
_jЕ-15/6
942 _cBOOK
980 _aNB